| 000 -CABECERA |
| campo de control de longitud fija |
01032nam a2200241 a 4500 |
| 001 - NÚMERO DE CONTROL |
| campo de control |
000087475 |
| 005 - FECHA Y HORA DE LA ÚLTIMA TRANSACCIÓN |
| campo de control |
20200120225001.0 |
| 008 - DATOS DE LONGITUD FIJA--INFORMACIÓN GENERAL |
| campo de control de longitud fija |
190828s2006 ck ao gr|||| 000 | spa d |
| 020 ## - NÚMERO INTERNACIONAL ESTÁNDAR DEL LIBRO |
| Número Internacional Estándar del Libro |
9581803165 |
| 041 0# - CÓDIGO DE LENGUA |
| Código de lengua del texto/banda sonora o título independiente |
spa |
| 043 ## - CÓDIGO DE ÁREA GEOGRÁFICA |
| Código de área geográfica |
s-ck--- |
| 082 04 - NÚMERO DE LA CLASIFICACIÓN DECIMAL DEWEY |
| Número de clasificación |
303.60986152 |
| Número de documento/Ítem |
C65vc |
| Número de edición |
21 |
| 110 2# - ENTRADA PRINCIPAL--NOMBRE DE ENTIDAD CORPORATIVA |
| Nombre de entidad corporativa o nombre de jurisdicción como elemento de entrada |
Colombia. |
| Unidad subordinada |
Vicepresidencia. |
| -- |
Observatorio del Programa Presidencial de Derechos Humanos y DIH |
| 245 10 - MENCIÓN DE TÍTULO |
| Título |
Dinámica reciente de la violencia en el norte del Valle / |
| Mención de responsabilidad, etc. |
Observatorio del Programa Presidencial de Derechos Humanos y DIH. |
| 260 ## - PUBLICACIÓN, DISTRIBUCIÓN, ETC. |
| Lugar de publicación, distribución, etc. |
Bogotá : |
| Nombre del editor, distribuidor, etc. |
Vicepresidencia de la República |
| -- |
Observatorio del Programa Presidencial de Derechos Humanos y DIH, |
| Fecha de publicación, distribución, etc. |
2006. |
| 300 ## - DESCRIPCIÓN FÍSICA |
| Extensión |
61 páginas : |
| Otras características físicas |
ilustraciones, mapas, gráficos. |
| 650 14 - PUNTO DE ACCESO ADICIONAL DE MATERIA--TÉRMINO DE MATERIA |
| Término de materia o nombre geográfico como elemento de entrada |
Narcotráfico|z |
| Subdivisión geográfica |
Valle del Cauca |
| 650 24 - PUNTO DE ACCESO ADICIONAL DE MATERIA--TÉRMINO DE MATERIA |
| Término de materia o nombre geográfico como elemento de entrada |
Violencia |
| Subdivisión general |
Historia |
| Subdivisión geográfica |
Valle del Cauca |
| 650 24 - PUNTO DE ACCESO ADICIONAL DE MATERIA--TÉRMINO DE MATERIA |
| Término de materia o nombre geográfico como elemento de entrada |
Crimen organizado |
| Subdivisión geográfica |
Valle del Cauca |
| 650 24 - PUNTO DE ACCESO ADICIONAL DE MATERIA--TÉRMINO DE MATERIA |
| Término de materia o nombre geográfico como elemento de entrada |
Secuestro |
| Subdivisión geográfica |
Valle del Cauca |
| 650 24 - PUNTO DE ACCESO ADICIONAL DE MATERIA--TÉRMINO DE MATERIA |
| Término de materia o nombre geográfico como elemento de entrada |
Desmovilización de paramilitares |
| Subdivisión geográfica |
Valle del Cauca |
| 650 24 - PUNTO DE ACCESO ADICIONAL DE MATERIA--TÉRMINO DE MATERIA |
| Término de materia o nombre geográfico como elemento de entrada |
Paramilitarismo |
| Subdivisión geográfica |
Valle del Cauca |